000 00295nam a22001337a 4500
008 170329b xxu||||| |||| 00| 0 eng d
020 _a9780801856044
041 _aeng
080 _23RD
_a616-053.2
100 _a8
101 _aSHM
245 _aPEDIATRICS
_cDAESCHNER, C.W
942 _2udc
_cBK
999 _c8956
_d8956